Hormigon armado y hormigon pretensado : (Registro nro. 11688)

Detalles MARC
000 -LEADER
longitud fija campo de control 00952nam a22003017a 4500
003 - IDENTIFICADOR DE NUMERO DE CONTROL
control del campo AR-RoUNA
005 - FECHA DE LA ULTIMA MODIFICACION
control del campo 20241112154320.0
008 - CAMPO DE CONTROL - LIBROS
longitud fija campo de control 241112b |||||||| |||| 00| 0 spa d
020 ## - INTERNATIONAL STANDARD BOOK NUMBER
ISBN 8470510509
040 ## - ORIGEN DE LA CATALOGACION
Agencia que cataloga la obra original AR-RoUNA
Idioma en que se cataloga spa
Entidad que modifico el registro AR-RoUNA
041 ## - CODIGO DE IDIOMA
Codigo de idioma del texto / sonido o titulo separado spa
Codigo de idioma de la traduccion original y / o intermedios de texto spa
044 ## - CODIGO DE PAIS / ENTIDAD PRODUCTORA
Codigo MARC del pais ag
100 1# - ASIENTO PRINCIPAL - NOMBRE PERSONAL
Nombre personal Rusch, Hubert
9 (RLIN) 26781
245 1# - TITULO PROPIAMENTE DICHO
Titulo Hormigon armado y hormigon pretensado :
Subtitulo propiedades de los materiales y procedimientos de calculo /
Mencion de responsabilidad, etc Hubert Rüsch
Numero de la parte / seccion de una obra T.1
250 ## - MENCION DE EDICION
Edicion declarada 1a. ed.
260 ## - EDITORIAL - PUBLICACION, DISTRIBUCION, ETC. (Pie de imprenta)
Lugar de publicacion, distribucion, etc Barcelona :
Nombre del editor, distribuidor, etc Compañía Editorial Continental,
Fecha de publicacion 1975
300 ## - DESCRIPCION FISICA
Extension 417 p.:
Otros detalles fisicos Diagrs.,
Dimensiones 24x18 cm
650 4# - MATERIA - TERMINO TEMATICO
Término temático general Hormigon armado
650 4# - MATERIA - TERMINO TEMATICO
Término temático general Hormigon pretensado
650 4# - MATERIA - TERMINO TEMATICO
Término temático general Materiales de construccion
650 4# - MATERIA - TERMINO TEMATICO
Término temático general Calculos
653 ## - MATERIA - PALABRAS CLAVES
Palabras claves Normas DIN (Deutsches Institut für Normung)
908 ## - SOPORTE
Soporte Imp
930 ## - ACCESION
Numero de accesion (NR) 3915
942 ## - FUENTE DE CLASIFICACION
Clasificacion Dewey Decimal Classification
Tipo de item Libro
945 ## - INFORMACION DE PROCESAMIENTO
Codigo del operador MIA
Fecha de ingreso o modificacion 2024-11-12
980 ## - DECLARACIÓN DE EQUIVALENCIA O SERIE DE REFERENCIA CRUZADA - NOMBRE / TÍTULO PERSONAL [LOCAL, CANADÁ]
Código del operador 1
Nombre del operador Maricel Allasia
Código del operador que modifico el registro 1
Nombre del operador que modifico el registro Maricel Allasia
Existencias
Estado retiro Estado perdido Sistema de clasificacion Estado general Restricciones de uso Biblioteca de origen Ubicacion actual Localizacion en estante Fecha de adquisicion Fuente de adquisicion Prestamos totales Signatura y librística Proveedor Numero de ejemplar Tipo de elemento KOHA Nota no publica
Disponible Disponible cdu No dañado Ningun uso de restricciones Arq. Hilarión H. Larguia Arq. Hilarión H. Larguia Sala 12/11/2024 Don   691.32 R951 5856 ej. 1 Libro